| 000 | 01881cam a2200337 i 4500 | ||
|---|---|---|---|
| 001 | ritesofcatholicc00cath | ||
| 003 | CaSfIA | ||
| 005 | 20210118215529.0 | ||
| 007 | cr|||| | ||
| 008 | 790402s1978 nyu b 00010 eng | ||
| 010 | _a 79100486 //r80 | ||
| 020 | _a0916134377 (v. 2) | ||
| 035 | _a(DLC) 79100486 //r80 | ||
| 040 |
_aBIBLIOS _dCaSfIA |
||
| 050 | 0 |
_aBX2035 _b.A4 1978 |
|
| 082 | 0 |
_a264/.025 _219 |
|
| 110 | 2 | 0 |
_aCatholic Church. _kLiturgy and ritual. |
| 245 | 1 | 4 |
_aThe rites of the Catholic Church as revised by decree of the Second Vatican Ecumenical Council and published by authority of Pope Paul VI / _h[electronic resource] _cEnglish translation prepared by the International Commission on English in the Liturgy. |
| 260 | 0 |
_aNew York : _bPueblo Pub. Co., _cc1978- |
|
| 300 |
_av. ; _c23 cm. |
||
| 500 | _aSelected sections of the new Rituale Romanum and Pontificale Romanum in their authorized English versions, previously issued separately (1969-1976) ; an unofficial collection with added prefatory material. | ||
| 504 | _aIncludes bibliographical references. | ||
| 710 | 2 | 0 |
_aCatholic Church. _kLiturgy and ritual. Rituale Romanum (1969- ) |
| 710 | 2 | 0 |
_aCatholic Church. _kLiturgy and ritual. Pontifical (1968- ) |
| 710 | 2 | 0 | _aInternational Committee on English in the Liturgy. |
| 856 | 4 | 1 |
_uhttp://www.archive.org/details/ritesofcatholicc00cath _zFree eBook from the Internet Archive |
| 856 | 4 | 2 |
_uhttp://www.openlibrary.org/books/OL4439284M _zAdditional information and access via Open Library |
| 942 | _cEB | ||
| 506 | _fНеобхідна авторизація на https://archive.org/ (створення облікового запису безкоштовно) | ||
| 506 | _fНеобхідна авторизація на https://openlibrary.org/ (створення облікового запису безкоштовно) | ||
| 999 |
_c544045 _d544045 |
||